| 000 | 00504nam a22001337a 4500 | ||
|---|---|---|---|
| 999 |
_c26348 _d26348 |
||
| 082 | _aRB.0281 | ||
| 100 |
_aBhoga, Naik Tarsing _uGovernment Collage of Education _vRatnagiri |
||
| 245 | _aDevelopment Of ICT Teaching Skill Programme In Mathematics in Teacher Education | ||
| 260 |
_aRatnagiri _c2018 |
||
| 300 | _axi,247p. | ||
| 536 | _aIndian Council For Social Science Research, New Delhi | ||
| 650 |
_aInformation and Communication Technology _vHigher Education _vEducational Tool |
||
| 942 |
_cRP _2ddc |
||